000 00676nam a2200229 a 4500
001 BRCA_7717
005 20190320205948.0
008 300813s1956----u--a######---#000-0#eng-#
041 _aeng
044 _au
050 4 _aND553.W3
_b.V57 1956
245 1 0 _aA visit to Rome in 1764
_cforeword by Philip Hofer.
260 _aCambridge, Massachussetts
_bFogg Art Museum : Harvard College Library
_cc1956
300 _a13 p.
_bil., 16 láminas
_c19 cm.
500 _aU59
600 1 4 _aWatelet, Claude Henry
_d1718-1786
_919084
650 1 4 _aPintores franceses
_97726
650 1 4 _aViajes ilustrados
_919085
700 1 _aHofer, Philip
_919086
902 _aGFM
942 _2lcc
_cB
999 _c7391
_d7391